Pengakap remaja Malaysia
| Main Author: | |
|---|---|
| Format: | Book |
| Subjects: |
MARC
| LEADER | 00000cam a2200000 7i4500 | ||
|---|---|---|---|
| 001 | 0000006004 | ||
| 002 | 000006485 | ||
| 005 | 20000330.0 | ||
| 020 | |a 9836230181 | ||
| 090 | 0 | 0 | |a 369.409595 |b ABA |
| 100 | 0 | |a Ab.Alim Abdul Rahim | |
| 245 | 1 | 0 | |a Pengakap remaja Malaysia |c Ab.Alim Abdul Rahim dan Balkis Wan Daud |
| 300 | |a 306p. ; |c 21cm. | ||
| 650 | 0 | 0 | |a Scouts and scouting |z Malaysia |
| 999 | |a 037831 |b BUKU |c PINJAMAN |e PERPUSTAKAAN KOMUNITI PETALING JAYA | ||